000 00189 a2200085 4500
020 _a 978-0500517758
100 _a Olivier Dupon
245 _aThe New Artisans
260 _bThames & Hudson
_c2015
999 _c13228
_d13228